Введение в специальность. Менеджмент: учебник для вузов

Bibliographische Detailangaben
1. Verfasser: Кукушкина В. В. Вера Владимировна
Zusammenfassung:В учебнике широко представлена сущность управления: история зарождения и развития этой профессии; задачи и цели менеджмента; модели и методы управления; менеджмент в микро- и макроэкономике; роль информации в подготовке управляющих. Рассматриваются квалификационная характеристика менеджера и паспорт специалиста. Одна из глав посвящена образовательному стандарту по направлению «Менеджмент, магистратура и государственное муниципальное управление». Широко представлены программы развития управленческих навыков для менеджеров-практиков и паспорт карьеры. Рассматриваются типы и виды организаций, их разновидности, организационно-правовые формы и функционально-должностные инструкции менеджеров всех уровней управления, организационные структуры предприятия и место менеджера в них, особенности управленческой деятельности в различных сферах, диверсификация менеджмента и менеджера, измерение качества труда менеджера, особенности деятельности менеджера-стратега и менеджера в малом бизнесе и др.
Sprache:Russisch
Veröffentlicht: Москва, Инфра-М, 2013
Schriftenreihe:Высшее образование. Бакалавриат
Schlagworte:
Format: Buch
KOHA link:https://koha.lib.tpu.ru/cgi-bin/koha/opac-detail.pl?biblionumber=236958

MARC

LEADER 00000nam0a2200000 4500
001 236958
005 20231101231517.0
010 |a 9785160041681 
035 |a (RuTPU)RU\TPU\book\258127 
090 |a 236958 
100 |a 20130507d2013 m y0rusy50 ca 
101 0 |a rus 
102 |a RU 
105 |a a j 000zy 
200 1 |a Введение в специальность. Менеджмент  |e учебник для вузов  |f В. В. Кукушкина 
210 |a Москва  |c Инфра-М  |d 2013 
215 |a 251 с.  |c ил. 
225 1 |a Высшее образование. Бакалавриат 
330 |a В учебнике широко представлена сущность управления: история зарождения и развития этой профессии; задачи и цели менеджмента; модели и методы управления; менеджмент в микро- и макроэкономике; роль информации в подготовке управляющих. Рассматриваются квалификационная характеристика менеджера и паспорт специалиста. Одна из глав посвящена образовательному стандарту по направлению «Менеджмент, магистратура и государственное муниципальное управление». Широко представлены программы развития управленческих навыков для менеджеров-практиков и паспорт карьеры. Рассматриваются типы и виды организаций, их разновидности, организационно-правовые формы и функционально-должностные инструкции менеджеров всех уровней управления, организационные структуры предприятия и место менеджера в них, особенности управленческой деятельности в различных сферах, диверсификация менеджмента и менеджера, измерение качества труда менеджера, особенности деятельности менеджера-стратега и менеджера в малом бизнесе и др. 
606 1 |a Менеджмент  |2 stltpush  |3 (RuTPU)RU\TPU\subj\42098  |9 61850 
610 1 |a управление 
610 1 |a управленческая деятельность 
610 1 |a организационный менеджмент 
610 1 |a управленческая мысль 
610 1 |a школы управления 
610 1 |a руководители 
610 1 |a мышление 
610 1 |a менеджеры 
610 1 |a специалисты 
610 1 |a паспорта 
610 1 |a организации 
610 1 |a внеязыковая среда 
610 1 |a внутренняя среда 
610 1 |a организационно-правовые формы 
610 1 |a международные организации 
610 1 |a организационные структуры 
610 1 |a функциональные инструкции 
610 1 |a должностные инструкции 
610 1 |a диверсификация 
610 1 |a социальная ответственность 
610 1 |a классики 
610 1 |a зарубежный опыт 
610 1 |a отечественный опыт 
610 1 |a деловая этика 
610 1 |a экономическое образование 
610 1 |a учебники 
686 |a У9(2)212я73  |v LBC/SL-A  |2 rubbk 
700 1 |a Кукушкина  |b В. В.  |g Вера Владимировна 
801 1 |a RU  |b 63413507  |c 20130507 
801 2 |a RU  |b 63413507  |c 20150515  |g RCR 
900 |a Введение в специальность 
900 |a Менеджмент 
942 |c BK 
951 |b 080507 
955 |l 8 
959 |a 77/20130416  |d 5  |e 349,90  |f ЧЗГЛ:1  |f АНЛ:1  |f УФ:3